| 000 | 00375nam a2200157Ia 4500 | ||
|---|---|---|---|
| 008 | 180730s9999||||xx |||||||||||||| ||und|| | ||
| 020 | _a9788178085371 | ||
| 082 |
_a659 _bBAT/B |
||
| 100 | _aBatra, Rajeev | ||
| 245 | 0 | _aAdvertising Management | |
| 250 | _a5th Edition | ||
| 260 |
_aNoida _bPearson Edu. _c2003 |
||
| 300 | _a754p | ||
| 700 | _aMyers, John G. | ||
| 942 | _aBK | ||
| 999 |
_c1969 _d1969 |
||